[Event "WYg14"]
[Site "Heraklio GRE"]
[Date "2002.11.21"]
[Round "8"]
[White "Arutyunova,D"]
[Black "Ambartsumova,K"]
[Result "1-0"]
[WhiteElo "2225"]
[BlackElo "2139"]
[EventDate "2002.11.15"]

1. e4 c5 2. Nf3 e6 3. d4 cxd4 4. Nxd4 a6 5. c4 Nf6 6. Nc3 Bb4 7. Bd3 Qc7 8.
O-O O-O 9. Nc2 Be7 10. f4 d6 11. Qf3 Nbd7 12. Ne3 b6 13. g4 Bb7 14. g5 Ne8
15. Qg4 Qc6 16. Bd2 Qc5 17. Bc2 Nc7 18. Rf3 f6 19. g6 h6 20. Rh3 Qc6 21. f5
Ne5 22. Qf4 Qd7 23. Ng4 Nxg4 24. Qxg4 exf5 25. Qh5 f4 26. Bxf4 Qe6 27. Bxh6
Qe5 28. Bxg7 Qxh5 29. Rxh5 Kxg7 30. Rh7+ Kxg6 31. e5+ Kg5 32. Rxe7 Ne8 33.
exd6 Rd8 34. Kf2 Rxd6 35. Rg1+ Kf4 36. Ne2+ 1-0

[Event "WYg14"]
[Site "Heraklio GRE"]
[Date "2002.11.21"]
[Round "8"]
[White "Malysheva,P"]
[Black "Gurchumalidze,T"]
[Result "1-0"]
[WhiteElo "2110"]
[BlackElo "2124"]
[EventDate "2002.11.15"]

1. e4 c5 2. Nf3 e6 3. c3 Nf6 4. e5 Nd5 5. d4 cxd4 6. cxd4 d6 7. Bc4 Nb6 8.
Bd3 dxe5 9. dxe5 Nc6 10. a3 Qc7 11. Bf4 Nd5 12. Bg3 g6 13. O-O Bg7 14. Nbd2
O-O 15. Rc1 Qd8 16. Ne4 f5 17. exf6 Nxf6 18. Ne5 Nd5 19. Qe2 Re8 20. Bc4
Kh8 21. Nc5 Qe7 22. Nxc6 bxc6 23. Rfd1 Rd8 24. Be5 Bxe5 25. Qxe5+ Qg7 26.
Re1 Qxe5 27. Rxe5 Re8 28. g3 a5 29. Ne4 Rd8 30. Ng5 Re8 31. Bxd5 cxd5 32.
Rc7 Rb8 33. Nxh7 Rb7 34. Rxb7 Bxb7 35. Ng5 Bc8 36. Nf7+ Kg7 37. Nd6 Kf6 38.
Rxd5 exd5 39. Nxe8+ Ke5 40. Kf1 Ba6+ 41. Ke1 Ke4 42. Nf6+ Kd4 43. Kd2 Kc4
44. h4 d4 45. g4 Kb3 46. h5 gxh5 47. gxh5 Bc8 48. h6 Bf5 49. Kc1 d3 50. h7
d2+ 51. Kxd2 Bxh7 52. Nxh7 Kxb2 53. f4 1-0

[Event "WYg14"]
[Site "Heraklio GRE"]
[Date "2002.11.21"]
[Round "8"]
[White "Pourkashiyan,A"]
[Black "Pertlova,S"]
[Result "1-0"]
[WhiteElo "2161"]
[BlackElo "2011"]
[EventDate "2002.11.15"]

1. e4 d5 2. exd5 Nf6 3. Bb5+ Bd7 4. Be2 Nxd5 5. d4 Nb6 6. Nf3 Bg4 7. c4 e6
8. O-O Nc6 9. Be3 Bxf3 10. Bxf3 Nxc4 11. Qa4 Nb6 12. Bxc6+ bxc6 13. Qxc6+
Qd7 14. Qc2 Bd6 15. Nc3 O-O 16. Rac1 Nd5 17. Qd2 c6 18. Ne4 Rfb8 19. Rc4
Rb6 20. Rfc1 Rab8 21. b3 Ba3 22. Rd1 Qc7 23. Qc2 Bd6 24. h3 Nb4 25. Qb1 Nd5
26. Ng5 g6 27. Qe4 Bf8 28. Qh4 h6 29. Nf3 Qd8 30. Qxd8 Rxd8 31. Ne5 Ra6 32.
Rd2 Nxe3 33. fxe3 c5 34. Rf2 cxd4 35. exd4 Bg7 36. Rc7 f5 37. Rfc2 Bxe5 38.
dxe5 Ra5 39. a4 Rf8 40. Re7 Rxe5 41. Rcc7 Rb8 42. Rg7+ Kh8 43. Rh7+ Kg8 44.
Rcg7+ Kf8 45. Rxa7 Kg8 46. Rhe7 Re4 47. a5 Re1+ 48. Kh2 Rb1 49. a6 R1xb3
50. Rab7 Ra8 51. Rxb3 1-0

[Event "WYg14"]
[Site "Heraklio GRE"]
[Date "2002.11.21"]
[Round "8"]
[White "Gunina,V"]
[Black "Steffen Villanueva,R"]
[Result "1-0"]
[WhiteElo "2146"]
[BlackElo "2053"]
[EventDate "2002.11.15"]

1. d4 Nf6 2. c4 g6 3. Nc3 Bg7 4. e4 d6 5. f4 O-O 6. Nf3 c5 7. d5 e6 8. Be2
exd5 9. exd5 Bf5 10. O-O a6 11. Nh4 Be4 12. f5 Nbd7 13. Bg5 Qc8 14. Qd2 Re8
15. Bh6 Qd8 16. fxg6 fxg6 17. Bxg7 Kxg7 18. Nf3 Ne5 19. Ng5 Bf5 20. Rxf5
gxf5 21. Ne6+ Rxe6 22. dxe6 Ng6 23. Rf1 f4 24. Bd3 Rb8 25. Bxg6 hxg6 26.
Qxf4 Qe7 27. Nd5 Nxd5 28. Qf7+ Kh6 29. cxd5 Qh4 30. e7 Qd4+ 31. Kh1 Rh8 32.
e8=Q Rxe8 33. Qxe8 Qd3 34. Qf8+ 1-0

[Event "WYg14"]
[Site "Heraklio GRE"]
[Date "2002.11.22"]
[Round "9"]
[White "Khotenashvili,B"]
[Black "Malysheva,P"]
[Result "0-1"]
[WhiteElo "2119"]
[BlackElo "2110"]
[EventDate "2002.11.15"]

1. d4 d5 2. Nf3 e6 3. e3 c5 4. Be2 Nc6 5. O-O Nf6 6. b3 Be7 7. Bb2 O-O 8.
Nbd2 cxd4 9. exd4 Bd7 10. Ne5 Rc8 11. f4 Ne4 12. Nxe4 dxe4 13. c4 Be8 14.
Nxc6 Bxc6 15. f5 Bd6 16. f6 gxf6 17. d5 exd5 18. cxd5 Bc5+ 19. Kh1 Qxd5 20.
Qe1 Be7 21. Rd1 Qg5 22. h4 Qg6 23. h5 Qg5 24. Bc1 e3 25. Bf3 Bc5 26. Qe2
Bb5 27. Qe1 Bxf1 28. Rd5 f5 29. g4 Bb4 30. Bxe3 Bxe1 31. Bxg5 f6 32. Bh6
Rf7 33. Rxf5 Bd3 34. Rd5 Ba6 35. Rd1 Re7 36. g5 Bc3 37. g6 hxg6 38. hxg6
Re1+ 39. Rxe1 Bxe1 40. Bd5+ Kh8 41. Kg2 Bh4 42. Be6 Rd8 0-1

[Event "WYg14"]
[Site "Heraklio GRE"]
[Date "2002.11.22"]
[Round "9"]
[White "Yildiz,B"]
[Black "Arutyunova,D"]
[Result "1/2-1/2"]
[WhiteElo "2117"]
[BlackElo "2225"]
[EventDate "2002.11.15"]

1. d4 Nf6 2. Nf3 c5 3. e3 b6 4. Nbd2 Bb7 5. Bd3 g6 6. b3 Bg7 7. Bb2 O-O 8.
O-O d6 9. c4 Qc7 10. d5 Nbd7 11. Qc2 b5 12. e4 b4 13. Rae1 a5 14. e5 dxe5
15. Nxe5 a4 16. Nxd7 Qxd7 17. Qb1 Ra6 18. Ne4 Nxe4 19. Bxe4 Rfa8 20. Bxg7
Kxg7 21. Qb2+ Kg8 22. Bb1 e6 23. dxe6 Rxe6 24. Rxe6 Qxe6 25. Qd2 Re8 26.
Qg5 Qd6 27. Qg4 Qd2 28. h4 Re1 29. Bd3 h5 30. Qg3 Be4 31. Qb8+ Kh7 32. Qc7
Bxd3 33. Qxf7+ Kh8 34. Qf8+ Kh7 35. Qf7+ 1/2-1/2

[Event "WYg14"]
[Site "Heraklio GRE"]
[Date "2002.11.22"]
[Round "9"]
[White "Majdan,J"]
[Black "Shmirina,E"]
[Result "1/2-1/2"]
[WhiteElo "2112"]
[BlackElo "2048"]
[EventDate "2002.11.15"]

1. e4 e6 2. d4 d5 3. Nd2 Nf6 4. e5 Nfd7 5. c3 c5 6. Bd3 Nc6 7. Ne2 cxd4 8.
cxd4 f6 9. exf6 Nxf6 10. O-O Bd6 11. Nf3 Qc7 12. g3 O-O 13. Bf4 e5 14. dxe5
Nxe5 15. Nfd4 Nxd3 16. Qxd3 a6 17. Rac1 Qb6 18. Rc2 Bh3 19. Rfc1 Ne4 20.
Qb3 Qxb3 21. Nxb3 Rad8 22. f3 Nf6 23. Nbd4 Rfe8 24. Kf2 Bxf4 25. Nxf4 Bd7
26. Rc7 Rc8 27. Rxc8 Rxc8 28. Rxc8+ Bxc8 29. Nd3 Kf7 30. Ke3 Ke7 31. h4 Ne8
32. g4 Nd6 33. b3 Nf7 34. Ne2 Kd6 35. Kd4 Nd8 36. Nf2 a5 37. f4 b6 38. Kc3
Nc6 39. Nd4 Nxd4 40. Kxd4 Bd7 41. h5 b5 42. f5 h6 43. Nd3 b4 44. Nf4 Bb5
45. g5 Be8 46. f6 hxg5 47. fxg7 Bf7 48. Nh3 g4 49. Ng5 Bg8 50. h6 g3 51.
Ke3 d4+ 52. Kf3 d3 53. Kxg3 d2 54. Ne4+ Ke5 55. Nxd2 Kf5 56. Nc4 a4 57.
bxa4 Kg6 58. Nb6 Bxa2 59. a5 Kh7 60. Nd7 Kxh6 61. Kf4 Kxg7 62. Ke5 b3 63.
a6 b2 64. a7 Bd5 65. Kxd5 b1=Q 66. Kc6 Qh1+ 67. Kb6 Qa8 68. Ka6 Qc8+ 69.
Kb6 Qd8+ 70. Ka6 Qxd7 1/2-1/2

[Event "WYg14"]
[Site "Heraklio GRE"]
[Date "2002.11.22"]
[Round "9"]
[White "Ross,L"]
[Black "Gunina,V"]
[Result "0-1"]
[WhiteElo "2096"]
[BlackElo "2146"]
[EventDate "2002.11.15"]

1. e4 c6 2. c4 d5 3. cxd5 cxd5 4. exd5 Nf6 5. Nc3 g6 6. Bb5+ Nbd7 7. Nf3
Bg7 8. O-O O-O 9. d6 exd6 10. d4 a6 11. Bd3 b5 12. Re1 Bb7 13. Bg5 Nb6 14.
Nd2 Qd7 15. Nde4 Nxe4 16. Nxe4 f5 17. Nc3 Rae8 18. Qb3+ Kh8 19. a4 Nxa4 20.
Rxe8 Rxe8 21. Nxa4 bxa4 22. Qb4 Qc6 23. Bf1 h6 24. Bd2 Re4 25. Rc1 Qd5 26.
Qb6 Rg4 27. Kh1 Qxg2+ 28. Bxg2 Bxg2+ 29. Kg1 Be4+ 0-1

[Event "WYg14"]
[Site "Heraklio GRE"]
[Date "2002.11.23"]
[Round "10"]
[White "Malysheva,P"]
[Black "Rogule,L"]
[Result "1-0"]
[WhiteElo "2110"]
[BlackElo "2213"]
[EventDate "2002.11.15"]

1. e4 c5 2. Nf3 d6 3. d4 cxd4 4. Nxd4 Nf6 5. Nc3 a6 6. Be3 e6 7. g4 h6 8.
h3 b5 9. Bg2 Bb7 10. a3 Nbd7 11. Nde2 Rc8 12. f4 Nb6 13. Nd4 Nc4 14. Bc1
Qa5 15. Qd3 b4 16. Nb3 Qb6 17. axb4 d5 18. Nc5 Bxc5 19. bxc5 Qxc5 20. e5
Ne4 21. Nxe4 dxe4 22. Qe2 O-O 23. Bxe4 Bxe4 24. Qxe4 Rfd8 25. b3 Qb4+ 26.
Kf2 Qc3 27. Ra2 Nd2 28. Qe3 Qc6 29. Re1 Nb1 30. c4 Rd7 31. Ra1 Rcd8 32.
Rxb1 Rd1 33. Qe4 Qb6+ 34. Be3 R8d2+ 35. Re2 Qd8 36. Bxd2 Rxd2 37. Rxd2
Qxd2+ 38. Kg3 g5 39. fxg5 hxg5 40. Rf1 Qc3+ 41. Kg2 1-0

[Event "WYg14"]
[Site "Heraklio GRE"]
[Date "2002.11.23"]
[Round "10"]
[White "Gunina,V"]
[Black "Yanjindulan,D"]
[Result "1-0"]
[WhiteElo "2146"]
[BlackElo "2154"]
[EventDate "2002.11.15"]

1. d4 d5 2. c4 e6 3. Nc3 Nf6 4. Nf3 Nbd7 5. Qc2 c5 6. cxd5 exd5 7. Bg5 Be7
8. e3 O-O 9. Bd3 h6 10. Bh4 cxd4 11. exd4 Nb6 12. O-O Be6 13. Ne5 Rc8 14.
f4 Nfd7 15. Bg3 Nxe5 16. fxe5 Nc4 17. Bf2 Qa5 18. Bxc4 Rxc4 19. Qd3 Rfc8
20. Be3 Qb6 21. Rf2 a5 22. Raf1 Bh4 23. Rc2 Qc6 24. Rfc1 Qd7 25. Rf1 a4 26.
Rcc1 Rb4 27. Qd2 Be7 28. Ne2 Rxc1 29. Rxc1 Qb5 30. Nc3 Qb6 31. Rc2 f6 32.
a3 Rc4 33. exf6 Bxf6 34. Ne2 Qb3 35. Rxc4 Qxc4 36. Kf2 Bf5 37. Qa5 Bd3 38.
Nc3 Qb3 39. Qxd5+ Qxd5 40. Nxd5 Kf7 41. Kf3 g5 42. Bf2 Ke6 43. Nc3 Bc2 44.
Ke3 g4 45. Bg3 Kf5 46. Ne2 Be4 47. Bf4 Bxg2 48. Bxh6 Bf3 49. Ng3+ Ke6 50.
Ne4 b6 51. Bf4 Bxd4+ 52. Kxd4 Kf5 53. Nc3 Kxf4 54. Nxa4 Bc6 55. Nxb6 Kf3
56. Nc4 Kg2 57. Ne5 Bf3 58. Ke3 Bd1 59. Kf4 Kh3 60. b4 Be2 61. a4 Kh4 62.
b5 g3 63. hxg3+ 1-0

[Event "WYg14"]
[Site "Heraklio GRE"]
[Date "2002.11.23"]
[Round "10"]
[White "Arutyunova,D"]
[Black "Shen Yang"]
[Result "0-1"]
[WhiteElo "2225"]
[BlackElo "2038"]
[EventDate "2002.11.15"]

1. e4 e5 2. Nf3 Nc6 3. Bb5 a6 4. Ba4 Nf6 5. Qe2 b5 6. Bb3 Bc5 7. c3 d6 8.
h3 h6 9. O-O O-O 10. Rd1 Bb6 11. d3 Be6 12. Nbd2 Nh5 13. Nf1 Qf6 14. N3h2
Qg6 15. Bxe6 fxe6 16. Be3 Nf4 17. Qg4 Bxe3 18. fxe3 Qxg4 19. Nxg4 Ne2+ 20.
Kh1 h5 21. Ngh2 Rf2 22. Rd2 Raf8 23. Re1 Ng3+ 24. Kg1 Rxd2 25. Nxd2 d5 26.
Nhf3 dxe4 27. dxe4 h4 28. Nxh4 Rd8 29. Nhf3 Kf7 30. Kf2 Nh5 31. Nb3 Ke7 32.
Nc5 a5 33. b3 Nf6 34. Ng5 Rd2+ 35. Re2 Rd1 36. Ncxe6 Nxe4+ 37. Nxe4 Kxe6
38. Rd2 Rc1 39. Ke2 Ne7 40. Nc5+ Kf6 41. a4 bxa4 42. bxa4 Nf5 43. Kd3 Nd6
44. Nb3 e4+ 45. Kd4 Nf5+ 46. Kxe4 Rxc3 47. Nxa5 Rxe3+ 48. Kf4 g5+ 49. Kg4
Kg6 0-1

[Event "WYg14"]
[Site "Heraklio GRE"]
[Date "2002.11.23"]
[Round "10"]
[White "Shmirina,E"]
[Black "Yildiz,B"]
[Result "1/2-1/2"]
[WhiteElo "2048"]
[BlackElo "2117"]
[EventDate "2002.11.15"]

1. e4 d5 2. exd5 Qxd5 3. Nc3 Qa5 4. Bc4 c6 5. d3 Nf6 6. Bd2 Bg4 7. f3 Bh5
8. Nd5 Qd8 9. Nxf6+ gxf6 10. g4 Bg6 11. f4 e6 12. Qe2 f5 13. g5 h6 14. Bc3
Rh7 15. Nh3 Be7 16. Rg1 Qd7 17. O-O-O b5 18. Bb3 Na6 19. Rg3 Nc5 20. Rdg1
a5 21. a3 b4 22. Bf6 Nxb3+ 23. cxb3 bxa3 24. Kb1 Bxf6 25. gxf6 Rb8 26. Qc2
Qd5 27. d4 axb2 28. Kxb2 Kd7 29. Qc5 Qd6 30. Qxd6+ Kxd6 31. Ra1 Rb5 32. Kc3
Rh8 33. Nf2 Rhb8 34. Ra3 c5 35. Rd3 Kc6 36. Nd1 cxd4+ 37. Rxd4 e5 38. Rc4+
Kb6 39. Ne3 Re8 40. Ng2 Re6 41. Ra1 Rxf6 42. Rd1 Rc6 43. Rd8 Rxc4+ 44. bxc4
Rc5 45. Rd6+ Kc7 46. Ra6 Kb7 47. Rd6 Kc7 48. Ra6 Kb7 49. Rd6 Kc7 50. Ra6
1/2-1/2

[Event "WYg14"]
[Site "Heraklio GRE"]
[Date "2002.11.23"]
[Round "10"]
[White "Nebolsina,V"]
[Black "Khotenashvili,B"]
[Result "1/2-1/2"]
[WhiteElo "2040"]
[BlackElo "2119"]
[EventDate "2002.11.15"]

1. d4 Nf6 2. c4 e6 3. g3 Bb4+ 4. Bd2 Bxd2+ 5. Nxd2 c5 6. e4 O-O 7. dxc5 Qa5
8. e5 Ne4 9. Ngf3 Nc6 10. a3 f5 11. exf6 Nxd2 12. Qxd2 Qxc5 13. Be2 Rxf6
14. O-O d5 15. Rac1 Qd6 16. Ng5 Qe5 17. Rfd1 d4 18. f4 Qc7 19. Nf3 e5 20.
fxe5 Nxe5 21. Nxd4 Bh3 22. Nb5 Qc5+ 23. Qd4 Qxd4+ 24. Nxd4 Raf8 25. c5 Rf2
26. Bf1 Bxf1 27. Rxf1 Rxb2 28. Rb1 Rxf1+ 29. Rxf1 g6 30. Ne6 h5 31. Rf8+
Kh7 32. Ng5+ Kh6 33. Ne6 Kh7 34. Ng5+ Kh6 35. Ne6 Kh7 36. Ng5+ 1/2-1/2

[Event "WYg14"]
[Site "Heraklio GRE"]
[Date "2002.11.23"]
[Round "10"]
[White "Franciskovic,B"]
[Black "Ross,L"]
[Result "0-1"]
[WhiteElo "2012"]
[BlackElo "2096"]
[EventDate "2002.11.15"]

1. Nf3 c5 2. c4 Nc6 3. Nc3 e6 4. g3 d5 5. cxd5 exd5 6. d4 Nf6 7. Bg2 Be7 8.
O-O O-O 9. dxc5 Bxc5 10. Na4 Be7 11. Be3 Re8 12. Rc1 Bf8 13. Bc5 Bg4 14.
Bxf8 Kxf8 15. Re1 Qd6 16. Nc5 b6 17. Nb3 Ne5 18. Nbd4 Nxf3+ 19. Bxf3 Bxf3
20. Nxf3 Re4 21. Qd3 h6 22. Rc2 Rae8 23. Rec1 Qb4 24. a3 Qa4 25. b4 Kg8 26.
Nd4 Nd7 27. Nc6 Nf6 28. Nd4 a5 29. Nc6 R8e6 30. bxa5 bxa5 31. Rc5 Rxe2 32.
Rxa5 Re1+ 33. Kg2 Qxa5 34. Nxa5 Rxc1 35. Nb3 Rc8 36. a4 Ra8 37. Nc5 Re7 38.
Qb5 Rea7 39. f3 Ra5 40. Qc6 Nh7 41. h4 Nf8 42. h5 d4 43. g4 Ne6 44. Nxe6
fxe6 45. Qxe6+ Kh8 46. Qd6 Rxa4 47. g5 R4a6 48. Qd5 Ra5 49. Qxd4 Rxg5+ 50.
Kf2 Rxh5 51. Qe4 Rf8 52. Kg2 Rhf5 53. Qd3 Rxf3 54. Qg6 Rf2+ 0-1

[Event "WYg14"]
[Site "Heraklio GRE"]
[Date "2002.11.23"]
[Round "10"]
[White "Leks,H"]
[Black "Umudova,M"]
[Result "0-1"]
[WhiteElo "2096"]
[BlackElo "1848"]
[EventDate "2002.11.15"]

1. e4 c5 2. Nf3 Nc6 3. d4 cxd4 4. Nxd4 Nf6 5. Nc3 e5 6. Ndb5 d6 7. Nd5 Nxd5
8. exd5 Ne7 9. c3 Nf5 10. a4 Be7 11. g3 O-O 12. Bg2 Bg5 13. Bd2 Bd7 14. b3
Bxd2+ 15. Qxd2 Qb6 16. c4 a6 17. a5 Qc5 18. Na3 b6 19. Nc2 b5 20. Bf1 bxc4
21. bxc4 Rab8 22. Qc3 Nd4 23. Nxd4 exd4 24. Qc1 Rfe8+ 25. Kd1 Bg4+ 26. Kc2
Qb4 27. Qa3 Bf5+ 28. Bd3 Re2+ 0-1

[Event "WYg14"]
[Site "Heraklio GRE"]
[Date "2002.11.24"]
[Round "11"]
[White "Shen Yang"]
[Black "Malysheva,P"]
[Result "0-1"]
[WhiteElo "2038"]
[BlackElo "2110"]
[EventDate "2002.11.15"]

1. e4 e5 2. Nf3 Nc6 3. Bb5 Nd4 4. Nxd4 exd4 5. O-O Bc5 6. d3 c6 7. Bc4 d6
8. c3 Nf6 9. Nd2 O-O 10. a4 Bg4 11. Nf3 d5 12. exd5 cxd5 13. Ba2 Qd6 14. h3
Bh5 15. a5 a6 16. cxd4 Ba7 17. Bg5 Bxd4 18. g4 Qg3+ 19. Kh1 Qxh3+ 20. Kg1
Qxg4+ 21. Kh2 Qxf3 22. Qxf3 Bxf3 23. Kg3 Be2 24. Rfe1 Bxd3 25. Rad1 Ne4+
26. Kg2 Nxg5 27. Rxd3 Bxb2 28. Rxd5 Ne6 29. Rd7 Bc3 30. Re3 Bxa5 31. Rxb7
Bd2 32. Ra3 a5 0-1

[Event "WYg14"]
[Site "Heraklio GRE"]
[Date "2002.11.24"]
[Round "11"]
[White "Yildiz,B"]
[Black "Pourkashiyan,A"]
[Result "0-1"]
[WhiteElo "2117"]
[BlackElo "2161"]
[EventDate "2002.11.15"]

1. e4 e5 2. Nc3 Nf6 3. g3 Nc6 4. Bg2 Bc5 5. d3 d6 6. h3 a6 7. Nge2 Be6 8.
Nd5 Qd7 9. Bg5 Bxd5 10. exd5 Ne7 11. Bxf6 gxf6 12. Qd2 O-O-O 13. Nc3 Bb4
14. a3 Ba5 15. O-O-O Nf5 16. Rde1 Nd4 17. Rhf1 Rhg8 18. b4 Bb6 19. Kb2 Kb8
20. Ne2 c5 21. c3 Nf5 22. Ng1 Rc8 23. Nf3 Rc7 24. Rc1 Rgc8 25. h4 Ne7 26.
Ng1 a5 27. Ne2 cxb4 28. axb4 axb4 29. c4 Bc5 30. Ra1 b5 31. Ra5 bxc4 32.
dxc4 Ra7 33. Rfa1 Rcc7 34. Qh6 Rxa5 35. Rxa5 Ra7 36. Rb5+ Rb7 37. Ra5 Nc8
38. Qxh7 Ra7 39. Rb5+ Nb6 40. Qh8+ Kc7 41. Qxf6 Nxc4+ 0-1

[Event "WYg14"]
[Site "Heraklio GRE"]
[Date "2002.11.24"]
[Round "11"]
[White "Yanjindulan,D"]
[Black "Nebolsina,V"]
[Result "1-0"]
[WhiteElo "2154"]
[BlackElo "2040"]
[EventDate "2002.11.15"]

1. e4 c5 2. Nf3 Nc6 3. d4 cxd4 4. Nxd4 Qc7 5. Be3 e6 6. Be2 a6 7. O-O Nf6
8. Nd2 d5 9. Bf3 Nxd4 10. Bxd4 e5 11. Be3 d4 12. Bg5 Be7 13. Be2 h6 14. Bh4
Nxe4 15. Bxe7 Nxd2 16. Qxd2 Qxe7 17. f4 O-O 18. Rae1 Qc5 19. Bd3 exf4 20.
Qxf4 Bd7 21. Re5 Qd6 22. Qe4 g6 23. Rd5 Qe6 24. Qxd4 Rad8 25. Bc4 h5 26.
Bb3 Qe7 27. Rd1 Rfe8 28. h3 1-0